01878 a2200193 45000010006000000050017000060080041000230030015000640400040000790800047001192450066001662640034002323000019002665051255002850410008015401000021015487000021015698560094015904130920260407155707.0260407a2015 arg spa dAR-UNSa-BCEJYS aAR-UNSa-BCEJYSbspacAR-UNSa-BCEJYS a347.1/7(094.4)xCódigo Civil y Comercial10aTemas de derecho civil, persona y patrimoniopDerechos reales 1aBuenos Aires :bErreiusc2015 a108 p.c26 cm. a1. Una mirada fiscal acerca del derecho real de superficie / Daniel Barbato - 2. Los derechos reales de uso y abilitación bajo la lupa de la ley 26944 / Rocío Bintureira - 3. Dominio imperfecto / Romina G. de Lara - 4. Los derechos reales de garantía en el derecho nacional vigente / Miryam A. Farina - 5. El régimen legal de los bienes muebles en el nuevo Código Civil y Comercial / María A. Galatro - 6. El tiempo compartido a la luz del Código Civil y Comercial / Ethel Humphreys y Edgardo - 7. El acceso a la tierra, piedra angular del derecho indígena / Verónica Kozak y Gustavo J. Valdes - 8. Conjuntos inmobiliarios / Andrés Mastronardi - 9. Consideraciones críticas en torno al derecho real de superficie en el Código unificado / Adriana S. Morón - 10. Efectos de las relaciones de poder en el Código Civil y Comercial de la Nación / Leandro S. Picado y Fabián M. Loiza - 11. Principales innovaciones del Código Civil y Comercial de la Nación en materia de propiedad horizontal / Daiana Siciliano - 12. Los clubes de campo y su adecuación al derecho real como conjunto inmobiliario / Eduardo R. Romanello - 13. Las prohibiciones legales en materia de propiedad horizontal / Virginia M. Rodríguez Alonso aspa1 aHumphreys, Ethel1 aClerc, Carlos M.41uhttps://biblioeco.unsa.edu.ar/pmb/images/libros/E00023.jpgyImagen de portadaqimage/jpeg